Statistics for MLB Opening Day Starters of the 2010s

Click here to take the quiz!

General Stats

  • This quiz has been taken 16,520 times
    (1,505 since last reset)
  • The average score is 50 of 152

Answer Stats

TeamYearsPlayer% Correct
Dodgers2011, 2012, 2013, 2014, 2015, 2016, 2017, 2018Clayton Kershaw
91%
Tigers, Astros2010, 2011, 2012, 2013, 2014, 2016, 2017, 2018, 2019Justin Verlander
91%
Nationals2015, 2016, 2018, 2019Max Scherzer
85%
White Sox, Red Sox2013, 2014, 2016, 2018, 2019Chris Sale
79%
Royals, Diamondbacks2010, 2016, 2017, 2019Zack Greinke
79%
Giants2014, 2015, 2016, 2017, 2019Madison Bumgarner
78%
Mets2019Jacob deGrom
78%
Mariners2010, 2011, 2012, 2013, 2014, 2015, 2016, 2017, 2018Felix Hernandez
78%
Indians2011Roberto Hernandez
77%
Red Sox, Cubs2011, 2012, 2013, 2014, 2015, 2017, 2018, 2019Jon Lester
77%
Nationals2011Livan Hernandez
77%
Indians2015, 2016, 2017, 2018, 2019Corey Kluber
74%
Nationals2012, 2013, 2014, 2017Stephen Strasburg
74%
Yankees2010, 2011, 2012, 2013, 2014C.C. Sabathia
73%
Rays, Tigers, Red Sox2011, 2013, 2014, 2015, 2016David Price
73%
Pirates2017Gerrit Cole
72%
Mets2017, 2018Noah Syndergaard
70%
Phillies2010, 2011, 2012Roy Halladay
66%
Cardinals2013, 2014, 2015, 2016Adam Wainwright
66%
Orioles, Cubs2012, 2016Jake Arrieta
64%
Yankees2015, 2016, 2017, 2019Masahiro Tanaka
63%
Rays2019Blake Snell
60%
Marlins2014José Fernández
60%
Phillies2018, 2019Aaron Nola
60%
Astros2015, 2016, 2017Dallas Keuchel
59%
Orioles2013Jason Hammel
58%
Rockies2017, 2018Jon Gray
57%
Reds2012, 2013, 2014, 2015Johnny Cueto
57%
Dodgers2019Hyun-Jin Ryu
57%
Athletics2014, 2015Sonny Gray
57%
Yankees2018Luis Severino
56%
Giants2010, 2011, 2012Tim Lincecum
55%
Blue Jays2016, 2019Marcus Stroman
55%
Twins2016, 2017Ervin Santana
54%
Mets2010, 2012Johan Santana
54%
Rays2015, 2016, 2017, 2018Chris Archer
54%
Cardinals2017, 2018Carlos Martinez
54%
Angels2010, 2011, 2012, 2013, 2014, 2015Jered Weaver
52%
Phillies2014Cliff Lee
51%
Mets2016Matt Harvey
51%
Braves2014, 2015, 2016, 2017, 2018, 2019Julio Teherán
51%
Phillies, Rangers2013, 2015, 2016, 2018Cole Hamels
48%
Marlins2010, 2011, 2012Josh Johnson
48%
Red Sox2017Rick Porcello
46%
Rangers2017Yu Darvish
45%
Blue Jays2013, 2014R.A. Dickey
45%
Cardinals2010, 2011Chris Carpenter
45%
Marines2019Marco Gonzales
43%
Giants2013Matt Cain
42%
Rays, Royals, Padres2010, 2012, 2013, 2014, 2015, 2018James Shields
42%
Reds2019Luis Castillo
39%
Tigers2018, 2019Jordan Zimmermann
38%
Mets2015Bartolo Colón
37%
Rockies2010, 2011Ubaldo Jimenez
37%
Orioles2018Dylan Bundy
36%
Padres2018Clayton Richard
34%
Diamondbacks2018Patrick Corbin
33%
Royals2015Yordano Ventura
32%
Reds2018Homer Bailey
32%
Blue Jays2018J.A. Happ
32%
Astros2012Wandy Rodriguez
31%
Athletics2013Brett Anderson
31%
Rockies2019Kyle Freeland
31%
Braves2013Tim Hudson
31%
Brewers2018Chase Anderson
31%
Rangers2019Mike Minor
30%
Red Sox2010Josh Beckett
30%
Pirates2014, 2015, 2016Francisco Liriano
30%
Athletics2019Mike Fiers
29%
Reds, Padres, Royals, Marlins2011, 2012, 2013, 2016, 2017Edinson Vólquez
29%
Angels2016, 2018Garrett Richards
29%
Cubs, White Sox2013, 2014, 2015Jeff Samardzija
28%
Royals2017, 2018Danny Duffy
28%
Rangers2011C.J. Wilson
28%
White Sox2010, 2011Mark Buehrle
27%
Orioles2014, 2015, 2016Chris Tillman
27%
Cardinals2019Miles Mikolas
27%
White Sox2017Jose Quintana
26%
Cubs2010Carlos Zambrano
25%
Athletics2016Rich Hill
25%
Astros2010Roy Oswalt
25%
Pirates2019Jameson Taillon
24%
Padres2014Andrew Cashner
24%
Orioles2019Andrew Cashner
24%
Marlins2018, 2019Jose Urena
24%
Rockies, Padres2013, 2017Jhoulys Chacin
23%
Pirates2013A.J. Burnett
23%
Brewers2019Jhoulys Chacin
23%
Diamondbacks2011, 2012, 2013Ian Kennedy
23%
Brewers, Rangers2010, 2011, 2012, 2013, 2014, 2015Yovani Gallardo
23%
Red Sox2015Clay Buchholz
22%
Twins2018Jake Odorizzi
22%
Blue Jays2017Marco Estrada
20%
Orioles2017Kevin Gausman
20%
Royals2012Bruce Chen
19%
Marlins2016Wei-Yin Chen
19%
Pirates2018Ivan Nova
19%
Athletics, Angels2011, 2019Trevor Cahill
19%
Rockies2014, 2016Jorge de la Rosa
17%
Diamondbacks2014Wade Miley
17%
Marlins, Twins, Angels2013, 2014, 2017Ricky Nolasco
16%
White Sox2019Carlos Rodon
16%
Rangers2012Colby Lewis
15%
Cardinals, Brewers2012, 2015Kyle Lohse
15%
Giants2018Ty Blach
14%
Padres2016Tyson Ross
14%
Royals2019Brad Keller
14%
Indians2012, 2013, 2014Justin Masterson
14%
Twins2015Phil Hughes
14%
Braves2010, 2011Derek Lowe
14%
Cubs2011, 2012Ryan Dempster
14%
Phillies2016, 2017Jeremy Hellickson
14%
Blue Jays2011, 2012Ricky Romero
13%
Diamondbacks2010Dan Haren
13%
Dodgers2010Vicente Padilla
12%
Athletics2010Ben Sheets
12%
Astros2013Bud Norris
12%
Brewers2016Wily Peralta
12%
Rangers, Astros, Red2010, 2014, 2017Scott Feldman
12%
Mets2014Dillon Gee
12%
Reds2010Aaron Harang
12%
Orioles, Rockies2011, 2012Jeremy Guthrie
11%
Reds2016Raisel Iglesias
11%
Rangers2013Matt Harrison
10%
Twins2011, 2012Carl Pavano
10%
Mets2011Mike Pelfrey
10%
Athletics2017, 2018Kendall Graveman
10%
Nationals2010John Lannan
10%
Mets2013Jonathon Niese
10%
Marlins2015Henderson Alvarez
10%
Rockies2015Kyle Kendrick
10%
Brewers2017Junior Guerra
10%
Braves2012Tommy Hanson
10%
Diamondbacks2015Josh Collmenter
9%
Pirates2012Erik Bedard
9%
White Sox2012John Danks
9%
Pirates2010Zach Duke
9%
Padres2019Eric Lauer
9%
Astros2011Brett Myers
9%
Twins2010Scott Baker
8%
Blue Jays2010Shaun Marcum
8%
Twins2019Jose Berrios
8%
Blue Jays2015Drew Hutchison
8%
Twins2013Vance Worley
7%
Royals2011Luke Hochevar
7%
Athletics2012Brandon McCarthy
7%
Rangers2014Tanner Scheppers
7%
Pirates2011Kevin Correia
7%
Padres2011Tim Stauffer
7%
Orioles2010Kevin Millwood
7%
Indians2010Jake Westbrook
7%
Padres2010Jon Garland
6%

Score Distribution

Percentile by Number Answered

Percent of People with Each Score

Your Score History

You have not taken this quiz since the last reset